Responses for Show #8588 - Wednesday, March 2, 2022

Margaret Shelton game 2.

Contestants

[<< previous game]

Ujal Thakor, a director of strategy from Calgary, Alberta, Canada

Christie Baugher, a writer and legal assistant originally from Louisville, Kentucky

Margaret Shelton, a homemaker from Pittsburgh, Pennsylvania (whose 1-day cash winnings total $16,600)

[next game >>]

Jeopardy! Round responses

ONE-SYLLABLE CITIES
FITS & STARTS
YOU CAN SET YOUR CALENDAR BY IT
THE MAN IN THE DIRECTOR'S CHAIR
COMPLETE THE OPERA TITLE
"WISE" WORDS
    $200 15
Seoul

Ujal
    $200 4
M&Ms

Ujal
    $200 2
six

Ujal
    $200 1
Spike Lee

Ujal
    $200 18
Magic

Christie
    $200 11
edgewise

Margaret
    $400 16
Bern

Margaret
    $400 5
Fitbit

Margaret
    $1,000 3
cicadas

Ujal
    $400 14
James Cameron

Ujal
    $400 19
Tristan

Christie
    $400 12
streetwise

Christie
    $600 17
Perth

Christie
    $600 6
(Christie: What is an upstart?)

a start-up

ChristieUjal
    $600 23
Brigadoon

Margaret
    $600 13
Peter Jackson

Margaret
    $600 20
Euridice

Margaret
    $600 28
wiseguy

Christie
    $800 21
Fez

Margaret
    $800 7
(Christie: What is Kentucky Derby?)

the Indianapolis 500

Christie
Triple Stumper
    $800 24
magnetic fields (magnetic poles)

Ujal
    $800 10
Stanley Kubrick

Ujal
    $800 26
Hoffmann

Christie
    $800 29
likewise

Ujal
    $1000 22
(Margaret: What is Tehran?)

Qom

Margaret
Triple Stumper
    $1000 8
the Fashion Institute of Technology

Margaret
    $1000 25
San Juan Capistrano

Margaret
    $1000 9
(Christie: Who is Huston?)

John Ford

MargaretChristie
    $1000 27
(Ken: You are back on the plus side after doing very well in the OPERA category.)
(Christie: Woo-hoo!)

Lammermoor

Christie
    $1000 30
none the wiser

Margaret

Scores at the first commercial break (after clue 15):

Margaret Christie Ujal
$3,200 -$2,000 $3,600

Scores at the end of the Jeopardy! Round:

Margaret Christie Ujal
$6,600 $1,600 $5,200

Double Jeopardy! Round responses

FAMOUS PERES
ROAD TRIP
HER EMMY-WINNING ROLE
ACRONYMS
BOOKS WITHIN BOOKS
"M"EDICINE
    $400 13
Louis XIV

Christie
    $400 29
(Ujal: What is Tennessee?)
(Christie: What is West Virginia?)
(Margaret: What's regular [*]?)
(Ken: Regular, original recipe [*], yes.)
[Laughter]

Virginia

MargaretChristieUjal
    $400 15
(Christie: What is Law & Order?)

Law & Order: SVU

MargaretChristie
    $400 30
President of the United States

Margaret
    $400 7
[NOTE: Ken correctly pronounced the author's first name with a hard "G".]

Gone Girl

Margaret
    $400 10
a mammogram

Margaret
    $800 16
Gauguin

Margaret
    $800 28
amber

Margaret
    $800 14
Jane Lynch

Christie
    $800 24
Black, Indigenous, & People of Color

Ujal
    $800 8
[ERRATUM: The book Is The Fault in Our Stars.]

(John) Green

Margaret
    $800 20
meningitis

Margaret
    $1200 17
(Ken: You got it, in Paris.)

Père Lachaise

Margaret
    $3,000 27
(Margaret: May I please wager $3,000?)
(Ken: Yes, and only because you asked so politely.)
[Laughter]
...
(Ken: Margaret?)
(Margaret: The Silk Road. But it's not right.)

the Burma Road

Margaret
    $1200 4
Kathy Bates

Ujal
    $1200 5
buy one, get one free

Margaret
    $1200 9
The Hitchhiker's Guide to the Galaxy

Ujal
    $3,000 21
(Margaret: [*]. What is [*]?)
(Ken: Thank you for phrasing it in the form of a question.)

migraine

Margaret
    $1600 18
Cousteau

Margaret
    $1600 25
Victoria

Ujal
    $1600 2
Julianna Margulies

Ujal
    $1600 3
(Ujal: What is [**]?)
[Ujal's response was ruled incorrect and the decision was changed to an acceptable alternate correct response when the Daily Double was uncovered.]
...
(Ken: Yes, it's the colors in the rainbow.)

blue indigo violet (battle in vain)

ChristieUjal
    $1600 11
The Neverending Story

Margaret
    $1600 22
myelin sheath

Ujal
    $2000 19
(François) Mitterrand

Christie
    $2000 26
Herodotus

Margaret
    $2000 1
Jean Smart

Christie
    $2000 6
López Obrador

Triple Stumper
    $2000 12
the Necronomicon

Triple Stumper
    $2000 23
malocclusion

Triple Stumper

Scores at the end of the Double Jeopardy! Round:

Margaret Christie Ujal
$19,400 $7,600 $14,400

[wagering suggestions for these scores]

Final Jeopardy! Round responses

ART MUSEUMS
(Ken: [To Christie] Yes, apparently your time in Midtown, you may have gone up to the Upper East Side. And if you remember, much of the collection of [*] is installed on a sloping ramp around the inside of the museum.)
...
(Ken: [To Margaret] Twice for neatness.)
ChristieWhat is the Guggenheim? Guggenheim?
$7,600
UjalWhat is the Guggenheim?
$6,800
MargaretWhat is the Guggenheim?
$5,000
the Guggenheim

Final scores:

Margaret Christie Ujal
$24,400 $15,200 $21,200
2-day champion: $41,000 3rd place: $1,000 2nd place: $2,000

Game dynamics:

Coryat scores:

Margaret Christie Ujal
$20,600 $7,600 $13,800
26 R
(including 1 DD),
2 W
(including 1 DD)
12 R,
5 W
17 R
(including 1 DD),
1 W

Combined Coryat: $42,000

[game clues] [game scores] [suggest correction]

Game tape date: 2022-01-11
The J! Archive is created by fans, for fans. Scraping, republication, monetization, and malicious use prohibited; this site may use cookies and collect identifying information. See terms. The Jeopardy! game show and all elements thereof, including but not limited to copyright and trademark thereto, are the property of Jeopardy Productions, Inc. and are protected under law. This website is not affiliated with, sponsored by, or operated by Jeopardy Productions, Inc. Join the discussion at JBoard.tv.